A discrete transition to advanced mathematics

Αποθηκεύτηκε σε:
Λεπτομέρειες βιβλιογραφικής εγγραφής
Κύριος συγγραφέας: Richmond, Bettina
Άλλοι συγγραφείς: Richmond, Thomas
Μορφή: Βιβλίο
Γλώσσα:English
Δημοσίευση: Rhode Island : American Mathematical Society, 2004
Σειρά:Pure and applied undergraduate texts ; ; 3
Θέματα:
Ετικέτες: Προσθήκη ετικέτας
Δεν υπάρχουν, Καταχωρήστε ετικέτα πρώτοι!

MARC

LEADER 00000nam a2200000 i 4500
001 1/24422
008 130114s2004 eng d
020 |a 978-0-8218-4789-3 
035 |l 10113443 
040 |a GR-MY-UA  |b gre  |e aacr 
041 0 |a eng 
082 0 |a 510  |2 (22) 
100 1 |a Richmond, Bettina. 
245 1 2 |a A discrete transition to advanced mathematics /  |c Bettina Richmond, Thomas Richmond 
260 |a Rhode Island :   |b American Mathematical Society,   |c 2004 
300 |a vii, 424 σ.;  |b εικ. ;  |c 24 εκ. 
490 1 |a Pure and applied undergraduate texts  |v ; 3 
504 |a Περιλαμβάνει βιβλιογραφικές αναφορές 
650 0 0 |a Mathematics  |v Textbooks. 
700 1 |a Richmond, Thomas. 
830 0 |a Pure and applied undergraduate texts ;  |v ; 3 
852 |a INST  |b SAMOS  |e 20130114  |h 510 RIC  |p 005300033536  |q 005300033536  |t BK  |y 0 
901 |a BIBL3-2013-1 
909 |a Σ  |b 177363 
922 |a 3ΕΛΗ  |b 2012-10  |c ΤΜΑΘ  |d Best Book Hunters 
970 |a ΓΟΥΒΑΛΑ  |b ΒΑΣΩ  |z 2013/01/13